| 000 | 00414cam a2200145 4500 | ||
|---|---|---|---|
| 008 | 100601n 000 0 eng u | ||
| 020 | _a1932703071 | ||
| 035 | _a(Sirsi) a169547 | ||
| 050 |
_aRC69 _bVID 2006 |
||
| 245 |
_aMedStudy 2006 Vidio Review of Internal Medine/ _cRobert Richards |
||
| 260 |
_aColorado Springs: _bMedstudy corporation, _c2006 |
||
| 300 | _a605p. | ||
| 504 | _a | ||
| 650 | _aInternal medicine | ||
| 999 |
_c48031 _d48031 |
||